20 Biggest cities in Saudi Arabia - Statistics

General Stats
  • This quiz has been taken 35 times
  • The average score is 8 of 20
Answer Stats
Rank City % Correct
1 Riyadh
100%
2 Jeddah
97%
3 Mecca
93%
4 Medina
90%
6 Dammam
77%
8 Tabuk
40%
18 Abha
33%
7 Taif
33%
15 Hail
30%
16 Najran
27%
19 Yanbu
27%
10 Buraydah
23%
11 Khamis Mushait
20%
20 Khobar
20%
9 Al Kharj
17%
14 Hafar Al-Batin
10%
12 Al Hufuf
7%
5 Sultanah
7%
17 Al Jubayl
3%
13 Al Mubarraz
3%
No matching quizzes found
Score Distribution
Percent of People with Each Score
Percentile by Number Answered
Your Score History
You have not taken this quiz